[Event "Olimpiada de Khanty-Mansiysk 2010"]
[Site "Khanty-Mansiysk RUS"]
[Date "2010.09.27"]
[Round "6"]
[White "Wojtaszek, Radoslaw"]
[Black "Kulaots, Kaido"]
[Result "1/2-1/2"]
[WhiteElo "2711"]
[BlackElo "2592"]
[PlyCount "62"]
[EventDate "2010.09.21"]
[EventType "team"]
[EventRounds "11"]
[EventCountry "RUS"]
[Source "lmi"]
[SourceDate "2010.09.21"]
[WhiteTeam "Polonia"]
[BlackTeam "Estonia"]
[WhiteTeamCountry "POL"]
[BlackTeamCountry "EST"]

1. d4 d5 2. c4 c6 3. Nf3 Nf6 4. e3 Bg4 5. Nc3 e6 6. h3 Bxf3 7. Qxf3 Nbd7 8. Bd2
Bb4 9. Bd3 O-O 10. a3 Ba5 11. O-O Re8 12. Qd1 a6 13. b4 Bc7 14. Qb3 dxc4 15.
Bxc4 Nb6 16. Be2 e5 17. dxe5 Bxe5 18. Rfd1 Qe7 19. Rac1 h5 20. Bf3 Bc7 21. Ne2
Nbd5 22. Rc4 Rad8 23. Bc1 Qe5 24. g3 Qe6 25. Kh2 Nb6 26. Rxd8 Rxd8 27. Rc3 Nbd5
28. Rc4 Nb6 29. Rc3 Nbd5 30. Rc4 Nb6 31. Rc3 Nbd5 1/2-1/2

[Event "Olimpiada de Khanty-Mansiysk 2010"]
[Site "Khanty-Mansiysk RUS"]
[Date "2010.09.27"]
[Round "6"]
[White "Kanep, Meelis"]
[Black "Macieja, Bartlomiej"]
[Result "0-1"]
[WhiteElo "2532"]
[BlackElo "2651"]
[PlyCount "94"]
[EventDate "2010.09.21"]
[EventType "team"]
[EventRounds "11"]
[EventCountry "RUS"]
[Source "lmi"]
[SourceDate "2010.09.21"]
[WhiteTeam "Estonia"]
[BlackTeam "Polonia"]
[WhiteTeamCountry "EST"]
[BlackTeamCountry "POL"]

1. d4 Nf6 2. Nf3 d5 3. c4 e6 4. g3 Bb4+ 5. Bd2 Be7 6. Bg2 c6 7. O-O Nbd7 8. Qc2
O-O 9. Bf4 a5 10. Nbd2 Nh5 11. Be3 Bd6 12. Ng5 Nhf6 13. Bf4 Bxf4 14. gxf4 b6
15. e3 Ba6 16. Rfd1 Rc8 17. b3 c5 18. Qb2 cxd4 19. Qxd4 dxc4 20. Nxc4 Bxc4 21.
bxc4 Qc7 22. Bf1 e5 23. Qd6 exf4 24. Qxc7 Rxc7 25. exf4 Re8 26. Nf3 Re4 27. Rd4
Rxd4 28. Nxd4 Nc5 29. Rb1 Na4 30. Nc2 Ne4 31. Rd1 f5 32. Rd8+ Kf7 33. Ne3 Nec3
34. a3 g6 35. Kg2 Nc5 36. Rd6 Rb7 37. Kf3 Ke7 38. Rd2 Rd7 39. Rxd7+ Kxd7 40.
Nc2 Kd6 41. Ke3 Ne6 42. Kd2 Na4 43. Ke3 Nb2 44. Kd2 Nxf4 45. Ne3 Na4 46. Kc2
Nc5 47. f3 Nce6 0-1

[Event "Olimpiada de Khanty-Mansiysk 2010"]
[Site "Khanty-Mansiysk RUS"]
[Date "2010.09.27"]
[Round "6"]
[White "Miton, Kamil"]
[Black "Sepp, Olav"]
[Result "1/2-1/2"]
[WhiteElo "2629"]
[BlackElo "2485"]
[PlyCount "124"]
[EventDate "2010.09.21"]
[EventType "team"]
[EventRounds "11"]
[EventCountry "RUS"]
[Source "lmi"]
[SourceDate "2010.09.21"]
[WhiteTeam "Polonia"]
[BlackTeam "Estonia"]
[WhiteTeamCountry "POL"]
[BlackTeamCountry "EST"]

1. e4 e5 2. Nf3 Nc6 3. Bb5 Nf6 4. d3 d6 5. O-O Be7 6. c3 O-O 7. Re1 a6 8. Ba4
b5 9. Bc2 Re8 10. Nbd2 Bf8 11. h3 h6 12. Nf1 d5 13. N3h2 dxe4 14. dxe4 Qxd1 15.
Rxd1 Be6 16. Nf3 Rad8 17. Rxd8 Rxd8 18. Be3 a5 19. a4 b4 20. N1d2 g6 21. g4 Kg7
22. Kg2 Be7 23. g5 Nh5 24. gxh6+ Kh7 25. cxb4 Nxb4 26. Bb3 Bxb3 27. Nxb3 Nc2
28. Rc1 Nxe3+ 29. fxe3 Rb8 30. Nfd2 Bb4 31. Nc4 f6 32. Rc2 Ra8 33. Na3 Bxa3 34.
Rxc7+ Kxh6 35. bxa3 Rb8 36. Nxa5 Ra8 37. Rc5 Ng7 38. Rb5 Ne6 39. Nc4 Rxa4 40.
Rb4 Ra7 41. Rb6 Ng5 42. Rxf6 Nxe4 43. Rc6 Ra4 44. Rc8 Kg5 45. Nxe5 Rxa3 46. Kf3
Nd6 47. Rc1 Nf5 48. Rg1+ Kh5 49. Kf4 Nxe3 50. Rg5+ Kh6 51. Rxg6+ Kh7 52. Rd6
Ng2+ 53. Kg4 Ra7 54. Nf3 Ne3+ 55. Kh5 Nf5 56. Ng5+ Kg7 57. Rg6+ Kh8 58. Rf6 Ra5
59. Rf8+ Kg7 60. Rf7+ Kg8 61. Rf6 Ng3+ 62. Kg6 Rxg5+ 1/2-1/2

[Event "Olimpiada de Khanty-Mansiysk 2010"]
[Site "Khanty-Mansiysk RUS"]
[Date "2010.09.27"]
[Round "6"]
[White "Volodin, Aleksandr"]
[Black "Bartel, Mateusz"]
[Result "0-1"]
[WhiteElo "2433"]
[BlackElo "2599"]
[PlyCount "94"]
[EventDate "2010.09.21"]
[EventType "team"]
[EventRounds "11"]
[EventCountry "RUS"]
[Source "lmi"]
[SourceDate "2010.09.21"]
[WhiteTeam "Estonia"]
[BlackTeam "Polonia"]
[WhiteTeamCountry "EST"]
[BlackTeamCountry "POL"]

1. d4 f5 2. Bg5 g6 3. e3 Bg7 4. Nc3 d5 5. h4 Be6 6. Nge2 h6 7. Bf4 Nc6 8. Nc1
a6 9. Nd3 Nf6 10. Be2 O-O 11. a3 b6 12. O-O Bf7 13. Bg3 Nd7 14. f4 Na5 15. Bf2
c5 16. Ne5 Nxe5 17. dxe5 e6 18. b4 Nc6 19. Na2 Qe7 20. Qd2 Rfd8 21. c3 g5 22.
hxg5 hxg5 23. g3 g4 24. Rfd1 Qc7 25. Rab1 Be8 26. Qb2 c4 27. Qd2 b5 28. Bf1 a5
29. Nc1 axb4 30. axb4 d4 31. exd4 Ne7 32. d5 Nxd5 33. Bd4 Bc6 34. Ne2 Bb7 35.
Bg2 Ne7 36. Ra1 Bxg2 37. Kxg2 Qb7+ 38. Kg1 Kf7 39. Rxa8 Qxa8 40. Nc1 Qf3 41.
Rf1 Qxg3+ 42. Qg2 Qxg2+ 43. Kxg2 Nd5 44. Ne2 Ra8 45. Rd1 Ra2 46. Kf1 Bh6 47.
Bc5 Rxe2 0-1

[Event "Olimpiada de Khanty-Mansiysk 2010"]
[Site "Khanty-Mansiysk RUS"]
[Date "2010.09.27"]
[Round "6"]
[White "Blagojevic, Dragisa"]
[Black "Zhou, Jianchao"]
[Result "1/2-1/2"]
[WhiteElo "2481"]
[BlackElo "2660"]
[PlyCount "63"]
[EventDate "2010.09.21"]
[EventType "team"]
[EventRounds "11"]
[EventCountry "RUS"]
[Source "lmi"]
[SourceDate "2010.09.21"]
[WhiteTeam "MNE"]
[BlackTeam "China"]
[BlackTeamCountry "CHN"]

1. d4 Nf6 2. c4 g6 3. Nf3 Bg7 4. g3 d5 5. cxd5 Nxd5 6. Bg2 Nb6 7. Nc3 Nc6 8. e3
O-O 9. O-O Re8 10. Re1 a5 11. Qe2 Bg4 12. h3 Be6 13. Rd1 Bc4 14. Qc2 Nb4 15.
Qb1 a4 16. e4 c5 17. dxc5 Bd3 18. Rxd3 Qxd3 19. cxb6 Qxb1 20. Rxb1 Bxc3 21. a3
Red8 22. Bg5 Bf6 23. Bxf6 exf6 24. axb4 Rd3 25. Rc1 Rb3 26. Rc2 Rxb4 27. e5 Kg7
28. exf6+ Kxf6 29. Nd2 Rxb6 30. Ne4+ Kg7 31. Nc5 Ra7 32. Nxb7 1/2-1/2

[Event "Olimpiada de Khanty-Mansiysk 2010"]
[Site "Khanty-Mansiysk RUS"]
[Date "2010.09.27"]
[Round "6"]
[White "Li, Chao B"]
[Black "Kalezic, Blazo"]
[Result "1-0"]
[WhiteElo "2633"]
[BlackElo "2449"]
[PlyCount "135"]
[EventDate "2010.09.21"]
[EventType "team"]
[EventRounds "11"]
[EventCountry "RUS"]
[Source "lmi"]
[SourceDate "2010.09.21"]
[WhiteTeam "China"]
[BlackTeam "MNE"]
[WhiteTeamCountry "CHN"]

1. e4 e6 2. d4 d5 3. Nc3 Nf6 4. e5 Nfd7 5. f4 c5 6. Nf3 Nc6 7. Be3 Be7 8. Qd2
O-O 9. dxc5 Nxc5 10. O-O-O Qa5 11. Kb1 a6 12. Nd4 Qc7 13. Qf2 Ne4 14. Nxe4 dxe4
15. Nb3 b5 16. g3 Bb7 17. Bb6 Qc8 18. Bg2 Nb4 19. Bc5 Re8 20. Bxb4 Bxb4 21. Qd4
a5 22. Bxe4 Bf8 23. Qd3 Bxe4 24. Qxe4 a4 25. Nd4 b4 26. Rd3 Ra5 27. Nf3 h6 28.
Rhd1 a3 29. b3 Qc7 30. Nd2 Rd8 31. Nc4 Rxd3 32. Rxd3 Rd5 33. Kc1 Qc5 34. Qe3
Rxd3 35. cxd3 Qd5 36. Qe4 Qc5 37. d4 Qc8 38. Kd2 Qd8 39. Ke3 Qc8 40. Kd3 g6 41.
h3 h5 42. Qf3 Be7 43. g4 hxg4 44. hxg4 Kg7 45. Qh1 Kg8 46. Qe4 Kg7 47. Qf3 Kg8
48. f5 exf5 49. gxf5 gxf5 50. d5 Kg7 51. Qg2+ Kh6 52. d6 Bg5 53. Qd5 Qd7 54.
Nb6 Qa7 55. Qd4 Qa6+ 56. Nc4 Qc6 57. d7 Qf3+ 58. Kc2 Qg2+ 59. Nd2 Qc6+ 60. Kd3
Qc1 61. Qxb4 Kh5 62. Qa5 Bxd2 63. Qxd2 Qc7 64. Ke2 Qxe5+ 65. Kf1 Qa1+ 66. Kf2
Qh1 67. d8=Q Qh2+ 68. Ke1 1-0

[Event "Olimpiada de Khanty-Mansiysk 2010"]
[Site "Khanty-Mansiysk RUS"]
[Date "2010.09.27"]
[Round "6"]
[White "Predojevic, Borki"]
[Black "Bruzon Batista, Lazaro"]
[Result "0-1"]
[WhiteElo "2624"]
[BlackElo "2679"]
[PlyCount "96"]
[EventDate "2010.09.21"]
[EventType "team"]
[EventRounds "11"]
[EventCountry "RUS"]
[Source "lmi"]
[SourceDate "2010.09.21"]
[WhiteTeam "Bosnia Herzegovina"]
[BlackTeam "Cuba"]
[WhiteTeamCountry "BIH"]
[BlackTeamCountry "CUB"]

1. d4 Nf6 2. c4 e6 3. Nc3 Bb4 4. e3 O-O 5. Nge2 d5 6. a3 Be7 7. cxd5 exd5 8. h3
Nbd7 9. g4 Nb6 10. Bg2 c6 11. b3 Ne8 12. O-O Nc7 13. Ra2 Re8 14. f3 c5 15. dxc5
Bxc5 16. Nd4 Bd7 17. a4 a5 18. Nce2 Na6 19. Nf4 Nb4 20. Re2 Nc8 21. Bb2 Qb6 22.
Kh1 Bf8 23. Nc2 Nxc2 24. Qxc2 Ne7 25. Bd4 Qa6 26. Rd1 b5 27. Bf1 Qb7 28. Red2
bxa4 29. bxa4 Nc6 30. Qb2 Qxb2 31. Bxb2 Nb4 32. e4 Bxa4 33. Ra1 Bb3 34. exd5
Red8 35. Ba3 a4 36. Rb1 Nxd5 37. Bxf8 Kxf8 38. Ne2 Ne3 39. Nd4 Bc4 40. Bxc4
Nxc4 41. Rdd1 a3 42. Nc2 Rxd1+ 43. Rxd1 a2 44. Ra1 Ra4 45. Kg2 Nd2 46. Rd1 Nb3
47. Rd8+ Ke7 48. Rb8 Rc4 0-1

[Event "Olimpiada de Khanty-Mansiysk 2010"]
[Site "Khanty-Mansiysk RUS"]
[Date "2010.09.27"]
[Round "6"]
[White "Quesada Perez, Yuniesky"]
[Black "Dizdarevic, Emir"]
[Result "1/2-1/2"]
[WhiteElo "2614"]
[BlackElo "2475"]
[PlyCount "89"]
[EventDate "2010.09.21"]
[EventType "team"]
[EventRounds "11"]
[EventCountry "RUS"]
[Source "lmi"]
[SourceDate "2010.09.21"]
[WhiteTeam "Cuba"]
[BlackTeam "Bosnia Herzegovina"]
[WhiteTeamCountry "CUB"]
[BlackTeamCountry "BIH"]

1. e4 e6 2. d4 d5 3. Nc3 Bb4 4. e5 Ne7 5. a3 Bxc3+ 6. bxc3 c5 7. Qg4 Kf8 8. a4
Qc7 9. Nf3 b6 10. Ba3 h6 11. Bd3 Ba6 12. O-O Kg8 13. dxc5 bxc5 14. c4 Bxc4 15.
Bxc4 dxc4 16. Qxc4 Nd7 17. Rfe1 Kh7 18. Qe4+ g6 19. Rad1 Kg7 20. c4 Rhd8 21.
Bc1 Nf8 22. Qf4 Ng8 23. Rd6 Qa5 24. h4 Qxa4 25. Be3 Rdc8 26. Qe4 Rab8 27. Nh2
Rb2 28. Rc1 Qb3 29. Ng4 Qb7 30. Qf4 h5 31. Nf6 Rb1 32. Rdd1 Rxc1 33. Rxc1 Nd7
34. Ne4 Qb2 35. Rd1 Nb6 36. Nd6 Rf8 37. Bxc5 Qe2 38. Ra1 Nd7 39. Bd4 a5 40. c5
Ne7 41. Rb1 Nd5 42. Qe4 Qxe4 43. Nxe4 Nb8 44. Nc3 Nb4 45. Na4 1/2-1/2

[Event "Olimpiada de Khanty-Mansiysk 2010"]
[Site "Khanty-Mansiysk RUS"]
[Date "2010.09.27"]
[Round "6"]
[White "Stojanovic, Dalibor"]
[Black "Corrales Jimenez, Fidel"]
[Result "0-1"]
[WhiteElo "2496"]
[BlackElo "2599"]
[PlyCount "122"]
[EventDate "2010.09.21"]
[EventType "team"]
[EventRounds "11"]
[EventCountry "RUS"]
[Source "lmi"]
[SourceDate "2010.09.21"]
[WhiteTeam "Bosnia Herzegovina"]
[BlackTeam "Cuba"]
[WhiteTeamCountry "BIH"]
[BlackTeamCountry "CUB"]

1. e4 c5 2. Nf3 d6 3. d4 cxd4 4. Nxd4 Nf6 5. Nc3 a6 6. Be3 Ng4 7. Bc1 Nf6 8.
Be3 Ng4 9. Bg5 h6 10. Bh4 g5 11. Bg3 Bg7 12. Be2 h5 13. Bxg4 hxg4 14. O-O Nc6
15. Nf5 Bxc3 16. bxc3 Bxf5 17. exf5 f6 18. Rb1 b5 19. c4 bxc4 20. Qxg4 Qc8 21.
Qxc4 Ne5 22. Qd5 Qc6 23. Qe6 Qd7 24. Qxd7+ Nxd7 25. Rfe1 Kf7 26. Rb7 Ne5 27. f4
gxf4 28. Bxf4 Rh5 29. Bxe5 fxe5 30. Rf1 Kf6 31. Rf3 Rg8 32. Ra7 Rc8 33. g4 Rh4
34. g5+ Kxg5 35. Rxe7 Rg4+ 36. Kf1 Rf4 37. Rxf4 exf4 38. Re6 Rd8 39. Kf2 Kxf5
40. Rh6 Rc8 41. Rxd6 Rxc2+ 42. Kf3 Rc3+ 43. Kg2 Ra3 44. Rd2 Kg4 45. Rb2 a5 46.
Rf2 f3+ 47. Kf1 Kf4 48. Rb2 Rc3 49. Kf2 Rc1 50. Rd2 Ke4 51. h4 Rh1 52. Rd8 Rh2+
53. Kg3 Rg2+ 54. Kh3 Rg1 55. Re8+ Kd3 56. Rd8+ Ke2 57. Re8+ Kf1 58. h5 f2 59.
Kh4 Kg2 60. Rg8+ Kf3 61. Rf8+ Ke3 0-1

[Event "Olimpiada de Khanty-Mansiysk 2010"]
[Site "Khanty-Mansiysk RUS"]
[Date "2010.09.27"]
[Round "6"]
[White "Movsesian, Sergei"]
[Black "Berg, Emanuel"]
[Result "1/2-1/2"]
[WhiteElo "2723"]
[BlackElo "2616"]
[PlyCount "93"]
[EventDate "2010.09.21"]
[EventType "team"]
[EventRounds "11"]
[EventCountry "RUS"]
[Source "lmi"]
[SourceDate "2010.09.21"]
[WhiteTeam "Eslovaquia"]
[BlackTeam "Suecia"]
[WhiteTeamCountry "SVK"]
[BlackTeamCountry "SWE"]

1. e4 e6 2. d4 d5 3. e5 c5 4. c3 Qb6 5. Nf3 Nc6 6. Be2 Nh6 7. Bxh6 gxh6 8. Qd2
Bg7 9. O-O O-O 10. Na3 Bd7 11. Nc2 a5 12. Ne3 h5 13. Rad1 cxd4 14. cxd4 f6 15.
exf6 Rxf6 16. Ne5 Be8 17. f4 Nxe5 18. dxe5 Rf8 19. Kh1 Bh6 20. g3 Bg6 21. Bd3
Rac8 22. Qe2 Rc7 23. Ng2 Rfc8 24. f5 exf5 25. Nh4 Qe3 26. Qxe3 Bxe3 27. Bxf5
Bxf5 28. Nxf5 d4 29. e6 Re8 30. e7 h6 31. Rf3 Kh7 32. h4 Kg6 33. Kg2 Rc2+ 34.
Kf1 Rxb2 35. a3 Rb6 36. Ke2 Re6 37. Kd3 Re5 38. Rdf1 b5 39. Nd6 R8xe7 40. Rf8
R5e6 41. Nxb5 a4 42. Rg8+ Kh7 43. Rff8 Rb7 44. Rh8+ Kg6 45. Rhg8+ Kh7 46. Rh8+
Kg6 47. Rhg8+ 1/2-1/2

[Event "Olimpiada de Khanty-Mansiysk 2010"]
[Site "Khanty-Mansiysk RUS"]
[Date "2010.09.27"]
[Round "6"]
[White "Agrest, Evgenij"]
[Black "Ftacnik, Lubomir"]
[Result "1/2-1/2"]
[WhiteElo "2585"]
[BlackElo "2568"]
[PlyCount "45"]
[EventDate "2010.09.21"]
[EventType "team"]
[EventRounds "11"]
[EventCountry "RUS"]
[Source "lmi"]
[SourceDate "2010.09.21"]
[WhiteTeam "Suecia"]
[BlackTeam "Eslovaquia"]
[WhiteTeamCountry "SWE"]
[BlackTeamCountry "SVK"]

1. Nf3 Nf6 2. c4 c5 3. Nc3 e6 4. d4 cxd4 5. Nxd4 Bb4 6. g3 Ne4 7. Qd3 Nxc3 8.
bxc3 Be7 9. Nb5 Nc6 10. Nd6+ Bxd6 11. Qxd6 Qa5 12. Bd2 Qe5 13. Qd3 Qc7 14. Bf4
e5 15. Be3 d6 16. c5 dxc5 17. Bxc5 Bg4 18. Bg2 Rd8 19. Qe3 b6 20. Qe4 Bd7 21.
Ba3 Nd4 22. Rc1 Nb5 23. Qb4 1/2-1/2

[Event "Olimpiada de Khanty-Mansiysk 2010"]
[Site "Khanty-Mansiysk RUS"]
[Date "2010.09.27"]
[Round "6"]
[White "Markos, Jan"]
[Black "Cicak, Slavko"]
[Result "1/2-1/2"]
[WhiteElo "2566"]
[BlackElo "2568"]
[PlyCount "107"]
[EventDate "2010.09.21"]
[EventType "team"]
[EventRounds "11"]
[EventCountry "RUS"]
[Source "lmi"]
[SourceDate "2010.09.21"]
[WhiteTeam "Eslovaquia"]
[BlackTeam "Suecia"]
[WhiteTeamCountry "SVK"]
[BlackTeamCountry "SWE"]

1. d4 g6 2. e4 c6 3. Nf3 Bg7 4. h3 d5 5. Nc3 dxe4 6. Nxe4 Nd7 7. Bc4 Ngf6 8.
Nxf6+ Nxf6 9. O-O O-O 10. Re1 b6 11. Qe2 e6 12. Bg5 Bb7 13. Rad1 Qd6 14. Ne5
Nd5 15. Bb3 f6 16. Nc4 Qd7 17. Bh4 Rfe8 18. Bg3 Ba6 19. Qf3 Bxc4 20. Bxc4 b5
21. Bb3 Kf7 22. Re2 Bf8 23. Rde1 Bd6 24. Bh4 Qd8 25. c3 Bc7 26. Bg5 Qd6 27. g3
f5 28. Bh6 Bd8 29. h4 Bf6 30. Kg2 a6 31. Bf4 Qd7 32. g4 a5 33. g5 Bg7 34. a4 b4
35. Bg3 bxc3 36. bxc3 Rad8 37. Bc4 Bf8 38. h5 Bd6 39. Rh1 Rg8 40. hxg6+ hxg6
41. Bxd5 cxd5 42. Bxd6 Qxd6 43. Rh7+ Rg7 44. Qh3 Rdg8 45. Rb2 Qf4 46. Rb7+ Kf8
47. Qg3 Qe4+ 48. Qf3 Rxh7 49. Rxh7 Rg7 50. Rh8+ Rg8 51. Qxe4 fxe4 52. Rh7 Rg7
53. Rh8+ Rg8 54. Rh7 1/2-1/2

[Event "Olimpiada de Khanty-Mansiysk 2010"]
[Site "Khanty-Mansiysk RUS"]
[Date "2010.09.27"]
[Round "6"]
[White "Grandelius, Nils"]
[Black "Petrik, Tomas"]
[Result "1/2-1/2"]
[WhiteElo "2500"]
[BlackElo "2528"]
[PlyCount "109"]
[EventDate "2010.09.21"]
[EventType "team"]
[EventRounds "11"]
[EventCountry "RUS"]
[Source "lmi"]
[SourceDate "2010.09.21"]
[WhiteTeam "Suecia"]
[BlackTeam "Eslovaquia"]
[WhiteTeamCountry "SWE"]
[BlackTeamCountry "SVK"]

1. d4 e6 2. c4 Nf6 3. Nf3 b6 4. g3 Ba6 5. b3 Bb4+ 6. Bd2 Be7 7. Bg2 c6 8. O-O
d5 9. Qc2 Nbd7 10. Bf4 Rc8 11. Nc3 b5 12. c5 b4 13. Na4 Bb5 14. a3 Bxa4 15.
bxa4 bxa3 16. Rxa3 Nh5 17. Bd2 Qc7 18. Rb1 O-O 19. Rab3 Rb8 20. e4 Rxb3 21.
Rxb3 dxe4 22. Qxe4 Nhf6 23. Bf4 Qc8 24. Qb1 Nd5 25. Rb7 Nxf4 26. gxf4 a5 27.
Ra7 Rd8 28. Bf1 Bf6 29. Ba6 Qb8 30. Qxb8 Nxb8 31. Bb7 Rd7 32. Rxa5 Rxb7 33. Ra8
g6 34. a5 Kg7 35. a6 Rb1+ 36. Kg2 Nxa6 37. Rxa6 Rb4 38. Rxc6 Bxd4 39. Rc8 Bf6
40. Kg3 Rc4 41. Nd2 Rd4 42. Nf3 Rc4 43. c6 Bc3 44. Ne5 Bxe5 45. fxe5 g5 46. c7
Kh6 47. h3 Kh5 48. Kf3 Kh6 49. Ke3 Kg7 50. Kd3 Rc1 51. Ke4 Rc4+ 52. Kf3 Rf4+
53. Kg3 Rc4 54. Kg2 h6 55. Kg3 1/2-1/2

[Event "Olimpiada de Khanty-Mansiysk 2010"]
[Site "Khanty-Mansiysk RUS"]
[Date "2010.09.27"]
[Round "6.4"]
[White "Brunello, Sabino"]
[Black "Alsina Leal, Daniel"]
[Result "0-1"]
[WhiteElo "2497"]
[BlackElo "2523"]
[PlyCount "88"]
[EventDate "2010.09.21"]
[EventType "team"]
[EventRounds "11"]
[EventCountry "RUS"]
[Source "lmi"]
[SourceDate "2010.09.21"]
[WhiteTeam "Italia"]
[BlackTeam "España"]
[WhiteTeamCountry "ITA"]
[BlackTeamCountry "ESP"]

1. d4 Nf6 2. c4 g6 3. g3 Bg7 4. Bg2 d5 5. cxd5 Nxd5 6. Nf3 Nb6 7. Nc3 Nc6 8. e3
O-O 9. O-O Re8 10. Re1 a5 11. Qe2 Be6 12. Nd2 a4 13. Rd1 Na5 14. Nde4 Bc4 15.
Qc2 Nc6 16. Nc5 Nb4 17. Qb1 e5 18. a3 N4d5 19. Nxd5 Nxd5 20. dxe5 Qe7 21. Nd3
Bb3 22. Re1 Rad8 23. f4 c5 24. Nf2 Nb6 25. Qe4 Rd7 26. h4 Nc4 27. Bh3 Rdd8 28.
Qg2 f6 29. e4 fxe5 30. f5 Rf8 31. Ng4 Qd6 32. Bg5 Qd4+ 33. Kh2 Rd6 34. Be7 gxf5
35. Nf2 f4 36. Bxd6 fxg3+ 37. Kxg3 Nxd6 38. Nh1 Kh8 39. Qg1 Nxe4+ 40. Kh2 Qxb2+
41. Qg2 Nd2 42. Bg4 Bd5 43. Qe2 Bf3 44. Bxf3 Nxf3+ 0-1

[Event "Olimpiada de Khanty-Mansiysk 2010"]
[Site "Khanty-Mansiysk RUS"]
[Date "2010.09.27"]
[Round "6"]
[White "Ghaem, Maghami Ehsan"]
[Black "Stefansson, Hannes"]
[Result "1/2-1/2"]
[WhiteElo "2594"]
[BlackElo "2585"]
[PlyCount "39"]
[EventDate "2010.09.21"]
[EventType "team"]
[EventRounds "11"]
[EventCountry "RUS"]
[Source "lmi"]
[SourceDate "2010.09.21"]
[WhiteTeam "Irán"]
[BlackTeam "Islandia"]
[WhiteTeamCountry "IRI"]
[BlackTeamCountry "ISL"]

1. c4 Nf6 2. d4 e6 3. g3 d5 4. Nf3 Bb4+ 5. Bd2 Be7 6. Bg2 O-O 7. O-O c6 8. Qc2
Nbd7 9. Rd1 b6 10. Bf4 Ba6 11. Ne5 Rc8 12. Nc3 Nh5 13. Bc1 Nhf6 14. e4 dxc4 15.
Qa4 Nb8 16. Bf4 b5 17. Qc2 Bb7 18. b3 cxb3 19. Qxb3 Nbd7 20. a4 1/2-1/2

[Event "Olimpiada de Khanty-Mansiysk 2010"]
[Site "Khanty-Mansiysk RUS"]
[Date "2010.09.27"]
[Round "6"]
[White "Steingrimsson, Hedinn"]
[Black "Moradiabadi, Elshan"]
[Result "1/2-1/2"]
[WhiteElo "2550"]
[BlackElo "2578"]
[PlyCount "180"]
[EventDate "2010.09.21"]
[EventType "team"]
[EventRounds "11"]
[EventCountry "RUS"]
[Source "lmi"]
[SourceDate "2010.09.21"]
[WhiteTeam "Islandia"]
[BlackTeam "Irán"]
[WhiteTeamCountry "ISL"]
[BlackTeamCountry "IRI"]

1. e4 c5 2. Nf3 Nc6 3. Bb5 Nf6 4. e5 Ng4 5. Bxc6 dxc6 6. O-O g6 7. Re1 Bg7 8.
d3 O-O 9. Nc3 Nh6 10. Ne4 b6 11. Ng3 Nf5 12. Nxf5 Bxf5 13. b3 Qd5 14. h3 h6 15.
Bb2 g5 16. Nd2 Qe6 17. Ne4 Qg6 18. Ng3 Be6 19. Qh5 Kh7 20. Re3 Rfd8 21. Rf1 a5
22. Qd1 a4 23. f4 gxf4 24. Rxf4 axb3 25. axb3 Ra2 26. Bc3 Rg8 27. Rf2 Qg5 28.
Qf3 Bd5 29. Ne4 Qg6 30. Qf4 Qh5 31. Kh2 Bf8 32. Rg3 Rxg3 33. Qxg3 Be6 34. Qf4
Qd1 35. Rd2 Qc1 36. Qf2 Bg7 37. Re2 Qd1 38. Ng3 Qc1 39. Nh5 Qg5 40. Nxg7 Qxg7
41. Be1 Qg6 42. Qe3 Qh5 43. Rf2 Bd5 44. e6 Bxe6 45. Bc3 Qg6 46. Rf3 Rxc2 47.
Rg3 Qxg3+ 48. Qxg3 Rxc3 49. Qe5 Rxb3 50. Qe4+ Kg7 51. Qxc6 Rxd3 52. Qxb6 c4 53.
Qb2+ Kg6 54. Qe2 Rd6 55. Qe4+ Kg7 56. Qe5+ f6 57. Qc5 Rd7 58. Kg3 Bf7 59. Kf2
e5 60. g4 Rd2+ 61. Ke1 Rg2 62. Qc8 Rh2 63. Qd7 Rxh3 64. Ke2 Rd3 65. Qc8 Rd4 66.
Ke3 Rd1 67. Ke4 Re1+ 68. Kf3 Rf1+ 69. Ke2 Rf4 70. Ke3 Kg6 71. Qd7 c3 72. Qd3+
Kg5 73. Qxc3 Rxg4 74. Kf2 h5 75. Qe3+ Rf4+ 76. Kg3 h4+ 77. Kh2 Bh5 78. Qc1 Bg4
79. Qc7 Bf5 80. Qg7+ Bg6 81. Qa7 Rd4 82. Qc7 Rd2+ 83. Kg1 h3 84. Qc4 Rg2+ 85.
Kh1 Rc2 86. Qg8 e4 87. Qb3 Rg2 88. Qd5+ Kh6 89. Qh5+ Kg7 90. Qh7+ Kxh7 1/2-1/2

[Event "Olimpiada de Khanty-Mansiysk 2010"]
[Site "Khanty-Mansiysk RUS"]
[Date "2010.09.27"]
[Round "6"]
[White "Toufighi, Homayoon"]
[Black "Thorfinnsson, Bragi"]
[Result "1-0"]
[WhiteElo "2499"]
[BlackElo "2415"]
[PlyCount "85"]
[EventDate "2010.09.21"]
[EventType "team"]
[EventRounds "11"]
[EventCountry "RUS"]
[Source "lmi"]
[SourceDate "2010.09.21"]
[WhiteTeam "Irán"]
[BlackTeam "Islandia"]
[WhiteTeamCountry "IRI"]
[BlackTeamCountry "ISL"]

1. e4 c5 2. c3 d6 3. d4 Nf6 4. Bd3 g6 5. Nf3 Bg7 6. O-O O-O 7. h3 Qc7 8. Bg5 e5
9. Na3 a6 10. dxe5 dxe5 11. Nc4 Nc6 12. Ne3 Ne7 13. a4 Rd8 14. Bxf6 Bxf6 15.
Qe2 Be6 16. Bc4 Bxc4 17. Qxc4 h5 18. g4 hxg4 19. hxg4 g5 20. Rfd1 Qc6 21. Nf5
Nxf5 22. gxf5 Kg7 23. Kg2 b5 24. axb5 axb5 25. Qe2 Rxa1 26. Rxa1 c4 27. Nh2 Rd3
28. Ng4 Qb7 29. Rh1 Qb6 30. Rh6 Rd6 31. Rxf6 Rxf6 32. Qd2 Rd6 33. Qxg5+ Kf8 34.
f6 Qb7 35. Qg7+ Ke8 36. Qg8+ Kd7 37. Qxf7+ Kc8 38. Qxb7+ Kxb7 39. f7 Rd8 40.
Nxe5 Rf8 41. Kg3 Kc7 42. Kg4 Kd6 43. Kf5 1-0

[Event "Olimpiada de Khanty-Mansiysk 2010"]
[Site "Khanty-Mansiysk RUS"]
[Date "2010.09.27"]
[Round "6"]
[White "Gretarsson, Hjorvar Stein"]
[Black "Golizadeh, Asghar"]
[Result "0-1"]
[WhiteElo "2398"]
[BlackElo "2481"]
[PlyCount "98"]
[EventDate "2010.09.21"]
[EventType "team"]
[EventRounds "11"]
[EventCountry "RUS"]
[Source "lmi"]
[SourceDate "2010.09.21"]
[WhiteTeam "Islandia"]
[BlackTeam "Irán"]
[WhiteTeamCountry "ISL"]
[BlackTeamCountry "IRI"]

1. d4 g6 2. c4 Bg7 3. g3 c5 4. d5 Nf6 5. Bg2 O-O 6. Nc3 e6 7. Nf3 exd5 8. cxd5
d6 9. O-O Re8 10. Nd2 a6 11. a4 Nbd7 12. Nc4 Ne5 13. Na3 Rb8 14. h3 Nh5 15. e4
Bd7 16. a5 Qxa5 17. f4 Nxg3 18. fxe5 Nxf1 19. Qxf1 Bxe5 20. Be3 Qd8 21. Nc4 f6
22. Qf2 Rf8 23. Qd2 Rf7 24. Bf4 Qe7 25. Rf1 b5 26. Na5 b4 27. Nd1 Bb5 28. Re1
Qc7 29. Nc6 Bxc6 30. dxc6 Qxc6 31. Bxe5 fxe5 32. Ne3 c4 33. Rc1 c3 34. bxc3 b3
35. Bf1 Kh8 36. Bd3 a5 37. Qe2 a4 38. Rf1 Rbf8 39. Rxf7 Rxf7 40. Bc4 Rf8 41.
Nd5 Qc5+ 42. Kg2 Qa3 43. Qd2 Qc5 44. Qe2 Kg7 45. h4 Qa3 46. Qd2 b2 47. Bd3 Qa1
48. Ne3 Qc1 49. Nc4 b1=Q 0-1

[Event "Olimpiada de Khanty-Mansiysk 2010"]
[Site "Khanty-Mansiysk RUS"]
[Date "2010.09.27"]
[Round "6"]
[White "Stevic, Hrvoje"]
[Black "Bluvshtein, Mark"]
[Result "1-0"]
[WhiteElo "2607"]
[BlackElo "2583"]
[PlyCount "121"]
[EventDate "2010.09.21"]
[EventType "team"]
[EventRounds "11"]
[EventCountry "RUS"]
[Source "lmi"]
[SourceDate "2010.09.21"]
[WhiteTeam "Croacia"]
[BlackTeam "Canadá"]
[WhiteTeamCountry "CRO"]
[BlackTeamCountry "CAN"]

1. e4 d6 2. d4 Nf6 3. Nc3 g6 4. Bg5 Bg7 5. Qd2 h6 6. Bh4 g5 7. Bg3 Nh5 8. O-O-O
Nc6 9. Qe3 e5 10. dxe5 Nxe5 11. Bxe5 Bxe5 12. g3 c6 13. Nf3 Qb6 14. Qd2 Be6 15.
Nxe5 dxe5 16. Qd6 Qa5 17. Rd5 Qd8 18. Qxe5 Qf6 19. Qxf6 Nxf6 20. Rd2 Ke7 21. f4
Rad8 22. Bd3 gxf4 23. gxf4 Rhg8 24. f5 Bc8 25. e5 Nd5 26. Nxd5+ Rxd5 27. Re1
Rg4 28. Rf2 Rdd4 29. b3 b5 30. f6+ Kf8 31. Re3 Be6 32. c3 Rdf4 33. Rxf4 Rxf4
34. Be4 Bd7 35. b4 Ke8 36. Kd2 Kd8 37. Kd3 Kc7 38. Rg3 Be6 39. Rg7 Kd7 40. Bg6
Ke8 41. Rg8+ Kd7 42. Be4 Bf5 43. Bxf5+ Rxf5 44. Ke4 Rh5 45. Rf8 Rh4+ 46. Kf5
Rh5+ 47. Kf4 Ke6 48. Re8+ Kd5 49. Rd8+ Kc4 50. Rd7 Rh4+ 51. Kg3 Rh5 52. Rd4+
Kxc3 53. e6 fxe6 54. f7 Kxd4 55. f8=Q Rg5+ 56. Kh4 Rd5 57. Qxh6 e5 58. Qxc6 e4
59. Kg3 e3 60. Kf4 e2 61. Qe6 1-0